000
00197 a2200097 4500
001
10489
100
_a
Breyant,A.
245
_a
Triumph in the West
260
_a
_b
Collins
_c
090
_c
8107
_d
8107
942
_a
NUST-CAE
_c
M
_c
34831
999
_c
245562
_d
245562